Dortmunder Stadtbezirke auf einer Karte - Statistiken

Allgemein
  • Dieses Quiz wurde 149 mal gespielt
  • Das Durchschnittsergebnis liegt bei 9 aus 12
Antworten auf der Karte
Die Antworten werden auf der Karte rot bzw. grün angezeigt, abhängig davon wie oft sie richtig erraten wurden.
 
Antwortstatistiken
Nr. Stadtbezirke % Korrekt
Innenstadt-Nord
91%
Innenstadt-West
86%
Innenstadt-Ost
84%
5 Hörde
76%
4 Aplerbeck
70%
6 Hombruch
70%
7 Lütgendortmund
69%
3 Brackel
68%
9 Mengede
63%
2 Scharnhorst
63%
1 Eving
61%
8 Huckarde
54%
Keine übereinstimmenden Quizze gefunden
Verteilung der Resultate
Anzahl Personen mit jedem Resultat
Perzentil nach korrekt beantworteten Fragen
Ihre Resultats-Entwicklung
Sie haben dieses Quiz noch nicht gespielt